Probleme d'ecologie: structure et fonctionnement des ecosystemes terrestres

Gespeichert in:
Bibliographische Detailangaben
Hauptverfasser: Lamotte, M (VerfasserIn), Bourliere, F (VerfasserIn)
Format: Buch
Sprache:Französisch
Veröffentlicht: París Masson 1978
Schlagworte:
Tags: Tag hinzufügen
Keine Tags, Fügen Sie den ersten Tag hinzu!

MARC

LEADER 00000nam a2200000 a 4500
001 UCU1674
003 CL-VaPUC
008 960412e19780000FR |||||||||||||||||fre|d
082 0 4 |a 577  |b LAM  |2 21 
100 |a Lamotte, M  |e author  |9 374642 
700 0 |a Bourliere, F  |e author  |9 357342 
245 1 0 |a Probleme d'ecologie: structure et fonctionnement des ecosystemes terrestres 
300 |a 345 p 
942 |c BK 
945 |d 19960412 00:00:00  |a rbrito 
260 |a París  |b Masson  |c 1978 
650 0 |a Ecología   |9 258124 
650 0 |a Ecosistemas  |9 261477 
650 0 |a Bosques  |9 269804 
650 0 |a Flora y fauna  |9 338564 
583 |a last modification  |c 19960412 00:00:00  |k Rodrigo Vera 
999 |c 246209  |d 246207 
952 |0 0  |1 0  |4 0  |6 577_000000000000000_LAM_1978  |7 0  |8 A  |9 260971  |a BIBCUR  |b BIBCUR  |d 2019-11-19  |i 3188310  |o 577 LAM 1978  |p 3188310  |r 2025-04-22  |w 2019-11-19  |y BK  |k BCB